000 00330 a2200133 4500
001 48045
040 _cAnchieta - Aquarius
100 _aAbreu, João Capistrano de
240 1 0 _aCapítulo de história colonial
_lpor
245 1 0 _aCapítulo de história colonial
300 _a121
650 4 _aLiteratura brasileira
942 _cBK
999 _c48045
_d48045